| 000 | 00479nam a2200181Ia 4500 | ||
|---|---|---|---|
| 008 | 240925s9999 xx 000 0 und d | ||
| 020 | _aNA | ||
| 082 | _a423.91439 ABD | ||
| 100 | _aNot - Available | ||
| 245 | 4 | _aThe Standard English-Urdu Dictionary | |
| 250 | _a4th | ||
| 260 |
_aKarachi: _bAnjuman Taraqa Urdu _c,1985. |
||
| 300 |
_axviii,325p. _bNA _fPirated |
||
| 500 | _aNA | ||
| 600 | _aHumanities & Natural Science | ||
| 650 | _aEnglish and Old English | ||
| 942 | _cBK | ||
| 999 |
_c5946 _d5946 |
||